000 00808nam a2200241Ia 4500
003 OSt
005 20220923223911.0
006 a|||||r|||| 00| 0
007 ta
008 220922b |||||||| |||| 00| 0 hin d
024 _a223,083
037 _cTextual
040 _aARTS
_cARTS
_bhin
041 _2hin
_ahin
082 _aO152,1G70x, P3
100 _aनामदेव; गोविेद रजनीश, संपा.
_9159264
245 0 _aनामदेव रचनावली
246 _aNāmadev rachanāvalī
260 _aदिल्ली
_b अमरसत्य प्रकाशन
_c2003
300 _a160पृ.
_ccm.
942 _hO152,1G70x, P3
_cTEXL
_2CC
999 _c368099
_d368099